University Home | Library Home | Institutional Repository

CENSORSHIP TODAY (Record no. 9974)

MARC details
000 -LEADER
fixed length control field 00547cam a2200157 4500
008 - FIXED-LENGTH DATA ELEMENTS--GENERAL INFORMATION
fixed length control field 160419n 000 0 eng u
022 ## - INTERNATIONAL STANDARD SERIAL NUMBER
International Standard Serial Number
035 ## - SYSTEM CONTROL NUMBER
System control number (Sirsi) a195913
050 ## - LIBRARY OF CONGRESS CALL NUMBER
Classification number Z657.C4
245 ## - TITLE STATEMENT
Title CENSORSHIP TODAY
260 ## - PUBLICATION, DISTRIBUTION, ETC.
Place of publication, distribution, etc. Los Angels
Name of publisher, distributor, etc. Obscenity and the Supreme Court
Date of publication, distribution, etc. 1969.
310 ## - CURRENT PUBLICATION FREQUENCY
Current publication frequency monthly.
362 ## - DATES OF PUBLICATION AND/OR SEQUENTIAL DESIGNATION
Dates of publication and/or sequential designation Vol.1, No.1, 1968 - Vol.2, No.3, 1969.
520 ## - SUMMARY, ETC.
Summary, etc. It is devoted to stories and feature articles concerning freedom of expression and how that freedom is constantly changing from day to day.
650 ## - SUBJECT ADDED ENTRY--TOPICAL TERM
Topical term or geographic name entry element Censorship.
Holdings
Withdrawn status Lost status Source of classification or shelving scheme Damaged status Not for loan Home library Current library Shelving location Total Checkouts Full call number Barcode Date last seen Copy number Price effective from Koha item type
    Library of Congress Classification     Main Library Main Library Serials   Z657.C4 231969 08/12/2019 1 08/12/2019 Periodical
© 2026 - The University of Zambia Library - Koha v25.11